000 00286nam a2200109Ia 4500
008 231011s9999 xx 000 0 und d
041 _aeng
100 _aParker R.C
245 _aMicrosoft Office 4/4.2 For Windows For Dummies
260 _bComdex Compute Pub,NewDelhi -
365 _b135
999 _c886199
_d886199